Rationality and social choice (Registro nro. 28088)

Detalles MARC
000 -LEADER
fixed length control field 00319 a2200109 4500
001 - CONTROL NUMBER
control field ART_46292
005 - DATE AND TIME OF LATEST TRANSACTION
control field 20260410161925.0
008 - FIXED-LENGTH DATA ELEMENTS--GENERAL INFORMATION
fixed length control field 260409a
100 1# - MAIN ENTRY--PERSONAL NAME
Personal name Sen, Amartya
245 10 - TITLE STATEMENT
Title Rationality and social choice
773 0# - HOST ITEM ENTRY
Title The American Economic Review
Related parts - Vol. 85, Nº 1 (mar. 1995)
Record control number REV16190

No hay ítems disponibles.